<?xml version="1.0" encoding="UTF-8"?>
<record
    xmlns:xsi="http://www.w3.org/2001/XMLSchema-instance"
    xsi:schemaLocation="http://www.loc.gov/MARC21/slim http://www.loc.gov/standards/marcxml/schema/MARC21slim.xsd"
    xmlns="http://www.loc.gov/MARC21/slim">

  <leader>01320nam a2200265 a 4500</leader>
  <controlfield tag="001">44800</controlfield>
  <controlfield tag="003">BD-RjUL</controlfield>
  <controlfield tag="005">20211209053923.0</controlfield>
  <controlfield tag="008">160720s1982    bg ||||| |||| 00| 0 ben d</controlfield>
  <datafield tag="020" ind1=" " ind2=" ">
    <subfield code="c">: Tk. 60.00 (V-2)</subfield>
  </datafield>
  <datafield tag="035" ind1=" " ind2=" ">
    <subfield code="a">(BD-RjUL)44918</subfield>
  </datafield>
  <datafield tag="040" ind1=" " ind2=" ">
    <subfield code="a">BD-RjUL</subfield>
    <subfield code="b">ben</subfield>
    <subfield code="c">BD-RjUL</subfield>
  </datafield>
  <datafield tag="041" ind1=" " ind2=" ">
    <subfield code="a">ben</subfield>
  </datafield>
  <datafield tag="082" ind1=" " ind2=" ">
    <subfield code="2">23</subfield>
    <subfield code="a">613.9071</subfield>
    <subfield code="b">HAS 1982</subfield>
  </datafield>
  <datafield tag="100" ind1="1" ind2=" ">
    <subfield code="a">&#x9B9;&#x9BE;&#x9B8;&#x9A8;&#x9BE;&#x9CE;, &#x986;&#x9AC;&#x9C1;&#x9B2;</subfield>
    <subfield code="9">137324</subfield>
  </datafield>
  <datafield tag="245" ind1="1" ind2="0">
    <subfield code="a">&#x9B8;&#x99A;&#x9BF;&#x9A4;&#x9CD;&#x9B0; &#x9AF;&#x9CC;&#x9A8; &#x9AC;&#x9BF;&#x99C;&#x9CD;&#x99E;&#x9BE;&#x9A8;  :</subfield>
    <subfield code="b">[&#x9AE;&#x9A4; &#x993; &#x9AA;&#x9A5;-&#x9B8;&#x9AE;&#x9B8;&#x9CD;&#x9AF;&#x9BE; &#x993; &#x9B8;&#x9AE;&#x9BE;&#x9A7;&#x9BE;&#x9A8;] /</subfield>
    <subfield code="c">&#x986;&#x9AC;&#x9C1;&#x9B2; &#x9B9;&#x9BE;&#x9B8;&#x9A8;&#x9BE;&#x9CE; &#x9AA;&#x9CD;&#x9B0;&#x9A3;&#x9C0;&#x9A4; &#x993; &#x997;&#x9BF;&#x9B0;&#x9C0;&#x9A8;&#x9CD;&#x9A6;&#x9CD;&#x9B0;&#x9B6;&#x9C7;&#x996;&#x9B0; &#x9AC;&#x9B8;&#x9C1; &#x9B2;&#x9BF;&#x996;&#x9BF;&#x9A4; &#x9AD;&#x9C2;&#x9AE;&#x9BF;&#x995;&#x9BE;-&#x9B8;&#x9AE;&#x9CD;&#x9AC;&#x9B2;&#x9BF;&#x9A4;</subfield>
  </datafield>
  <datafield tag="250" ind1=" " ind2=" ">
    <subfield code="a">&#x9B8;&#x9B0;&#x9CD;&#x9AC;&#x9B6;&#x9C7;&#x9B7; &#x9B8;&#x982;.</subfield>
  </datafield>
  <datafield tag="260" ind1=" " ind2=" ">
    <subfield code="a">&#x9A2;&#x9BE;&#x995;&#x9BE; :</subfield>
    <subfield code="b">&#x986;&#x9B9;&#x9AE;&#x9A6; &#x9AA;&#x9BE;&#x9AC;&#x9B2;&#x9BF;&#x9B6;&#x9BF;&#x982;,</subfield>
    <subfield code="c">&#x9E7;&#x9EF;&#x9EE;&#x9E8;</subfield>
  </datafield>
  <datafield tag="300" ind1=" " ind2=" ">
    <subfield code="a">&#x996;&#x9A3;&#x9CD;&#x9A1; :</subfield>
    <subfield code="b">&#x99A;&#x9BF;&#x9A4;&#x9CD;&#x9B0; ;</subfield>
    <subfield code="c">&#x9E8;&#x9E6; &#x9B8;&#x9C7;&#x9AE;&#x9BF;.</subfield>
  </datafield>
  <datafield tag="505" ind1="0" ind2=" ">
    <subfield code="a">&#x996;&#x9A3;&#x9CD;&#x9A1; &#x9E8;: (&#x99C;&#x9A8;&#x9CD;&#x9AE;&#x9A8;&#x9BF;&#x9AF;&#x9BC;&#x9A8;&#x9CD;&#x9A4;&#x9CD;&#x9B0;&#x9A3;, &#x985;&#x9AC;&#x9C8;&#x9A7; &#x997;&#x9B0;&#x9CD;&#x9AD;, &#x9A8;&#x9B0;-&#x9A8;&#x9BE;&#x9B0;&#x9C0;&#x9B0; &#x9B0;&#x9A4;&#x9BF;&#x995;&#x9C3;&#x9B7;&#x9CD;&#x99F;&#x9BF;, &#x9A6;&#x9AE;&#x9CD;&#x9AA;&#x9A4;&#x9BF;&#x9B0; &#x9AC;&#x9BF;&#x9B2;&#x9BE;&#x9B8;&#x995;&#x9B2;&#x9BE;)  ---</subfield>
  </datafield>
  <datafield tag="650" ind1=" " ind2=" ">
    <subfield code="a">&#x9AF;&#x9CC;&#x9A8; &#x9B6;&#x9BF;&#x995;&#x9CD;&#x9B7;&#x9BE;</subfield>
    <subfield code="9">237676</subfield>
  </datafield>
  <datafield tag="650" ind1=" " ind2=" ">
    <subfield code="a">Sex Education</subfield>
    <subfield code="9">237677</subfield>
  </datafield>
  <datafield tag="700" ind1=" " ind2=" ">
    <subfield code="a">&#x9AC;&#x9B8;&#x9C1;, &#x997;&#x9BF;&#x9B0;&#x9C0;&#x9A8;&#x9CD;&#x9A6;&#x9CD;&#x9B0;&#x9B6;&#x9C7;&#x996;&#x9B0;,  &#x9AD;&#x9C2;&#x9AE;&#x9BF;&#x995;&#x9BE;&#x9B0;</subfield>
    <subfield code="9">237678</subfield>
  </datafield>
  <datafield tag="942" ind1=" " ind2=" ">
    <subfield code="2">ddc</subfield>
    <subfield code="c">BK</subfield>
  </datafield>
  <datafield tag="999" ind1=" " ind2=" ">
    <subfield code="c">44800</subfield>
    <subfield code="d">44800</subfield>
  </datafield>
  <datafield tag="952" ind1=" " ind2=" ">
    <subfield code="0">0</subfield>
    <subfield code="1">0</subfield>
    <subfield code="2">ddc</subfield>
    <subfield code="4">0</subfield>
    <subfield code="7">0</subfield>
    <subfield code="8">NFIC</subfield>
    <subfield code="a">RUCL</subfield>
    <subfield code="b">RUCL</subfield>
    <subfield code="c">Stack</subfield>
    <subfield code="d">1990-07-10</subfield>
    <subfield code="e">Sawkat Osman</subfield>
    <subfield code="g">60.00</subfield>
    <subfield code="l">0</subfield>
    <subfield code="o">BRA 613.9071 HAS V-2 1982</subfield>
    <subfield code="r">2016-07-20 00:00:00</subfield>
    <subfield code="t">C-2</subfield>
    <subfield code="w">2021-12-09</subfield>
    <subfield code="y">BK</subfield>
  </datafield>
  <datafield tag="952" ind1=" " ind2=" ">
    <subfield code="0">0</subfield>
    <subfield code="1">0</subfield>
    <subfield code="2">ddc</subfield>
    <subfield code="4">0</subfield>
    <subfield code="7">1</subfield>
    <subfield code="8">RARE</subfield>
    <subfield code="a">RUCL</subfield>
    <subfield code="b">RUCL</subfield>
    <subfield code="c">Rare</subfield>
    <subfield code="d">1984-06-19</subfield>
    <subfield code="e">Jatiya Grantho Kendra,Dacca</subfield>
    <subfield code="g">60.00</subfield>
    <subfield code="l">0</subfield>
    <subfield code="o">BRA 613.9071 HAS V-2 1982</subfield>
    <subfield code="r">2020-01-16 00:00:00</subfield>
    <subfield code="t">C-1</subfield>
    <subfield code="w">2021-12-09</subfield>
    <subfield code="y">BK</subfield>
  </datafield>
</record>
